Library use (Record no. 174)

MARC details
000 -LEADER
fixed length control field 01607pam a2200445 a 4500
005 - DATE AND TIME OF LATEST TRANSACTION
control field 20260322212009.0
006 - FIXED-LENGTH DATA ELEMENTS--ADDITIONAL MATERIAL CHARACTERISTICS
fixed length control field data
007 - PHYSICAL DESCRIPTION FIXED FIELD--GENERAL INFORMATION
fixed length control field data
008 - FIXED-LENGTH DATA ELEMENTS--GENERAL INFORMATION
fixed length control field data
020 ## - INTERNATIONAL STANDARD BOOK NUMBER
International Standard Book Number 1557981442 (print)
020 ## - INTERNATIONAL STANDARD BOOK NUMBER
International Standard Book Number 9781557981448 (print)
040 ## - CATALOGING SOURCE
Original cataloging agency CtY-M
Transcribing agency CtY-M
050 #4 - LIBRARY OF CONGRESS CALL NUMBER
Classification number BF76.8
Item number .R43 1991
090 ## - LOCALLY ASSIGNED LC-TYPE CALL NUMBER (OCLC); LOCAL CALL NUMBER (RLIN)
Classification number (OCLC) (R) ; Classification number, CALL (RLIN) (NR) BF 76.8 R324L 1992
001 - CONTROL NUMBER
control field data
100 1# - MAIN ENTRY--PERSONAL NAME
Personal name Reed, Jeffrey G.,
Dates associated with a name 1948-
245 10 - TITLE STATEMENT
Title Library use
Medium [electronic resource] :
Remainder of title a handbook for psychology /
Statement of responsibility, etc. Jeffrey G. Reed and Pam M. Baxter.
250 ## - EDITION STATEMENT
Edition statement 2nd ed.
260 ## - PUBLICATION, DISTRIBUTION, ETC.
Place of publication, distribution, etc. Washington, DC :
Name of publisher, distributor, etc. American Psychological Association,
Date of publication, distribution, etc. c1992.
504 ## - BIBLIOGRAPHY, ETC. NOTE
Bibliography, etc. note Includes bibliographical references and index.
506 ## - RESTRICTIONS ON ACCESS NOTE
Terms governing access Access restricted by licensing agreement.
516 ## - TYPE OF COMPUTER FILE OR DATA NOTE
Type of computer file or data note Electronic book.
530 ## - ADDITIONAL PHYSICAL FORM AVAILABLE NOTE
Additional physical form available note Also available in print.
538 ## - SYSTEM DETAILS NOTE
System details note Mode of access: world wide web.
550 ## - ISSUING BODY NOTE
Issuing body note Made available through: American Psychological Association's PsyBooks Collection.
590 ## - LOCAL NOTE (RLIN)
Local note In library storage.
590 ## - LOCAL NOTE (RLIN)
Local note Includes bibliographical references and index.
650 #0 - SUBJECT ADDED ENTRY--TOPICAL TERM
Topical term or geographic name entry element Psychological literature.
650 #0 - SUBJECT ADDED ENTRY--TOPICAL TERM
Topical term or geographic name entry element Psychology
General subdivision Library resources.
650 #0 - SUBJECT ADDED ENTRY--TOPICAL TERM
Topical term or geographic name entry element Psychology
General subdivision Research.
650 #2 - SUBJECT ADDED ENTRY--TOPICAL TERM
Topical term or geographic name entry element Databases, Bibliographic.
650 #2 - SUBJECT ADDED ENTRY--TOPICAL TERM
Topical term or geographic name entry element Libraries.
650 #2 - SUBJECT ADDED ENTRY--TOPICAL TERM
Topical term or geographic name entry element Psychology.
650 #2 - SUBJECT ADDED ENTRY--TOPICAL TERM
Topical term or geographic name entry element Reference Books
Form subdivision Bibliography.
650 #2 - SUBJECT ADDED ENTRY--TOPICAL TERM
Topical term or geographic name entry element Research
General subdivision methods.
700 1# - ADDED ENTRY--PERSONAL NAME
Personal name Baxter, Pam M.,
Dates associated with a name 1955-
710 2# - ADDED ENTRY--CORPORATE NAME
Corporate name or jurisdiction name as entry element American Psychological Association.
776 1# - ADDITIONAL PHYSICAL FORM ENTRY
Title Library use (print)
Record control number (OCoLC) 24550195
-- (OCoLC) 24550195
856 40 - ELECTRONIC LOCATION AND ACCESS
Uniform Resource Identifier <a href="http://gateway.ovid.com/ovidweb.cgi?T=JS&NEWS=N&PAGE=toc&SEARCH=1992-97184.dd&LINKTYPE=asBody&D=psbk">http://gateway.ovid.com/ovidweb.cgi?T=JS&NEWS=N&PAGE=toc&SEARCH=1992-97184.dd&LINKTYPE=asBody&D=psbk</a>
Holdings
Withdrawn status Lost status Damaged status Not for loan Home library Current library Shelving location Date acquired Total checkouts Full call number Barcode Date last seen Price effective from Koha item type
        Centerville Centerville General stacks 22/03/2026   BF76.8 .R43 1991 BC0010179 22/03/2026 22/03/2026 Books